000 00573nam a2200181Ia 4500
003 GCL
008 140319s9999 xx 000 0 ara d
040 _aGCL /
_cGCL
082 0 4 _a811.009
_bش ح
100 1 _aشوقى رياض احمد
245 1 0 _aالحسين بن الضحاك - حياتة وشعرة /
_cشوقى رياض احمد
260 _a[S.N] :
_bالمجلس الاعلى لرعاية الفنون والاداب ،
_c1971
300 _a307 ص
490 _a
650 0 4 _aالشعراء
650 0 4 _aالحسين بن الضحاك
942 _2ddc
_cBK
999 _c54659
_d54659